00478 a2200157 450000500170000001000130001702000260003003500130005603700090006908200060007810000250008424500520010926000610016127000760022230000220029820240529122509.0 aB-759241 a9789393701831c499.00 aB-759241 bGift aN aParthasarathy, Indra aThe Helicopters Are Down/cIndira Parthasarathy aGurugrambHachette Book Publishing India Pvt. Ltd.c2023 a4th &5th Floors Corporate Centre Plot No-94 Sector-44bGurugrame122003 a168 p.c19 cm(Pb)